The song of Achilles / (Record no. 4415)

000 -LEADER
fixed length control field 01999cam a2200481 a 4500
001 - CONTROL NUMBER
control field 17284772
003 - CONTROL NUMBER IDENTIFIER
control field OSt
005 - DATE AND TIME OF LATEST TRANSACTION
control field 20251106100239.0
008 - FIXED-LENGTH DATA ELEMENTS--GENERAL INFORMATION
fixed length control field 120503s2012 nyu 000 1 eng d
010 ## - LIBRARY OF CONGRESS CONTROL NUMBER
LC control number 2011275637
020 ## - INTERNATIONAL STANDARD BOOK NUMBER
International Standard Book Number 9780062060617
020 ## - INTERNATIONAL STANDARD BOOK NUMBER
International Standard Book Number 0062060619
020 ## - INTERNATIONAL STANDARD BOOK NUMBER
International Standard Book Number 9780062060624
Qualifying information international ed.
020 ## - INTERNATIONAL STANDARD BOOK NUMBER
International Standard Book Number 0062060627
035 ## - SYSTEM CONTROL NUMBER
System control number 17284772
035 ## - SYSTEM CONTROL NUMBER
System control number (OCoLC)773303923
040 ## - CATALOGING SOURCE
Original cataloging agency UPZ
Transcribing agency UPZ
Modifying agency BTCTA
-- YDXCP
-- BDX
-- ZS3
-- BWX
-- DRB
-- VP@
-- DLC
042 ## - AUTHENTICATION CODE
Authentication code lccopycat
043 ## - GEOGRAPHIC AREA CODE
Geographic area code e-gr---
-- a-tu---
050 00 - LIBRARY OF CONGRESS CALL NUMBER
Classification number PS3613.S65 2012
082 04 - DEWEY DECIMAL CLASSIFICATION NUMBER
Classification number 813/.6
Edition number 23
100 1# - MAIN ENTRY--PERSONAL NAME
Personal name Miller, Madeline.
245 14 - TITLE STATEMENT
Title The song of Achilles /
Statement of responsibility, etc Madeline Miller.
250 ## - EDITION STATEMENT
Edition statement 1st ed.
260 ## - PUBLICATION, DISTRIBUTION, ETC. (IMPRINT)
Place of publication, distribution, etc New York :
Name of publisher, distributor, etc Ecco,
Date of publication, distribution, etc c2012.
300 ## - PHYSICAL DESCRIPTION
Extent 378 p. ;
Dimensions 24 cm.
500 ## - GENERAL NOTE
General note Includes a character glossary.
520 ## - SUMMARY, ETC.
Summary, etc Patroclus, an awkward young prince, follows Achilles into war, little knowing that the years that follow will test everything they have learned, everything they hold dear. And that, before he is ready, he will be forced to surrender his friend to the hands of Fate. Set during the Trojan War.
600 00 - SUBJECT ADDED ENTRY--PERSONAL NAME
Personal name Achilles
Titles and other words associated with a name (Mythological character)
Form subdivision Fiction.
650 #0 - SUBJECT ADDED ENTRY--TOPICAL TERM
Topical term or geographic name as entry element Trojan War
Form subdivision Fiction.
650 #0 - SUBJECT ADDED ENTRY--TOPICAL TERM
Topical term or geographic name as entry element Greeks
Geographic subdivision Turkey
Form subdivision Fiction.
651 #0 - SUBJECT ADDED ENTRY--GEOGRAPHIC NAME
Geographic name Troy (Extinct city)
Form subdivision Fiction.
651 #0 - SUBJECT ADDED ENTRY--GEOGRAPHIC NAME
Geographic name Greece
General subdivision History
Chronological subdivision To 146 B.C.
Form subdivision Fiction.
655 #7 - INDEX TERM--GENRE/FORM
Genre/form data or focus term War stories.
Source of term gsafd
655 #7 - INDEX TERM--GENRE/FORM
Genre/form data or focus term Historical fiction.
Source of term gsafd
655 #7 - INDEX TERM--GENRE/FORM
Genre/form data or focus term Fiction.
Source of term lcgft
856 42 - ELECTRONIC LOCATION AND ACCESS
Materials specified Contributor biographical information
Uniform Resource Identifier <a href="http://www.loc.gov/catdir/enhancements/fy1211/2011275637-b.html">http://www.loc.gov/catdir/enhancements/fy1211/2011275637-b.html</a>
856 42 - ELECTRONIC LOCATION AND ACCESS
Materials specified Publisher description
Uniform Resource Identifier <a href="http://www.loc.gov/catdir/enhancements/fy1211/2011275637-d.html">http://www.loc.gov/catdir/enhancements/fy1211/2011275637-d.html</a>
906 ## - LOCAL DATA ELEMENT F, LDF (RLIN)
a 7
b cbc
c copycat
d 2
e ncip
f 20
g y-gencatlg
942 ## - ADDED ENTRY ELEMENTS (KOHA)
Source of classification or shelving scheme
Koha item type Book
Holdings
Withdrawn status Lost status Source of classification or shelving scheme Damaged status Not for loan Home library Current library Shelving location Date acquired Total Checkouts Full call number Barcode Checked out Date last seen Date checked out Price effective from Koha item type
          Riara University Library Riara University Library Leisure Reading 06/11/2025 3 PS3613.S65 2012 10814/25 12/03/2026 10/02/2026 10/02/2026 06/11/2025 Book

Riara University Library,
P.O. Box 49940-00100,
Nairobi, Kenya.